Statystyki dla Zwycięzcy Pucharu Konfederacji w piłce nożnej (1997-2017(

Kliknij tutaj aby rozwiązać quiz!

Ogólne statystyki

  • Ten quiz został rozwiązany 52 razy
  • Średni wynik to 7 z 8

Statystyki odpowiedzi

HintOdpowiedź% Poprawnych
1997Brazylia
100%
2005Brazylia
100%
2009Brazylia
100%
2013Brazylia
100%
2001Francja
94%
2003Francja
94%
2017Niemcy
94%
1999Meksyk
50%

Rozkład punktacji

Percentyl według liczby udzielonych odpowiedzi

Procent ludzi z każdym wynikiem

Twoja historia wyników

Nie rozwiązałeś tego quizu